000 00375nam a2200133Ia 4500
008 211119s9999||||xx |||||||||||||| ||und||
082 _a894.8124
_bBAS-D
100 _aBasheer, Vaikom Muhammad
245 0 _aDharmarajyam
260 _bD c Books
_aKottayam
_c2008
300 _a100p
650 _aMalayalam Literature
_vMalayalam EssaysMalayalam
_xGeneral Stack
942 _cBOOK
999 _c110742
_d110742